00309nam a2200121Ia 4500008004100000041000800041082001200049100001700061245004500078260003400123300001900157365001100176240624s9999 xx 000 0 und d aeng a330 KUM aKUMAR SUDHIR aBANKRUPTCY TO BILLIONS HOW THE INDIAN RA c2009aNew DelhibOxford India axx, : 207 : p. cRSb30